000 00360cam a22001217a 4500
008 180718b1979 xxu||||| |||| 00| 0 eng d
082 _aT19x51 V579
100 _aVepa, Ram K.
245 _aMao's China: a nation in transition
_cby Ram K. Vepa
260 _aNew Delhi
_bAbhinav
_c1979
300 _a219p.
650 _aChina, People's Republic - Economic conditions
999 _c356222
_d356222